| 000 | 00560cam a22002052 4500 | ||
|---|---|---|---|
| 001 | 0000005083 | ||
| 005 | 20151217151952.0 | ||
| 008 | 070606s xx 000 0 eng d | ||
| 020 | _a0408003553 : | ||
| 040 |
_aKABU _cKABU |
||
| 050 | 0 |
_aTA705 _b.B45 |
|
| 100 | 1 |
_aBell, F. G. _@0000156158 |
|
| 245 | 1 | 0 | _aEngineering geology and geotechnics. |
| 260 |
_aLondon : _bNewnes-Butterworths, _c1980. |
||
| 300 | _a497 p. | ||
| 650 | 0 |
_aEngineering geology. _@0000156159 |
|
| 908 | _a070606 | ||
| 950 | _@1 | ||
| 999 |
_c6837 _d6837 |
||